Effect of rice husk charcoal with diffrent fertilizer on rice senpidor variety on crop station of royal university of agriculture,(ប្រសិទ្ធភាពធ្យូងអង្គាមលាមកជាមួយប្រភេទជីផ្សេងៗលើពូជស្រូវសែនពិដោរនៅស្ថានីយ៍ដំណាំនៃសាកលវិទ្យាល័យភូមិន្ទកសិកម្ម) (Record no. 1087)
[ view plain ]
| 000 -LEADER | |
|---|---|
| fixed length control field | 00815nam a22001577a 4500 |
| 003 - CONTROL NUMBER IDENTIFIER | |
| control field | OSt |
| 005 - DATE AND TIME OF LATEST TRANSACTION | |
| control field | 20210202142630.0 |
| 008 - FIXED-LENGTH DATA ELEMENTS--GENERAL INFORMATION | |
| fixed length control field | 150922b xxu||||| |||| 00| 0 eng d |
| 040 ## - CATALOGING SOURCE | |
| Transcribing agency | RUA |
| 082 ## - DEWEY DECIMAL CLASSIFICATION NUMBER | |
| Classification number | AGR SOY 2007 B035 Or.1 |
| 100 ## - MAIN ENTRY--PERSONAL NAME | |
| 9 (RLIN) | 1137 |
| Personal name | SOY BONA |
| 245 ## - TITLE STATEMENT | |
| Title | Effect of rice husk charcoal with diffrent fertilizer on rice senpidor variety on crop station of royal university of agriculture,(ប្រសិទ្ធភាពធ្យូងអង្គាមលាមកជាមួយប្រភេទជីផ្សេងៗលើពូជស្រូវសែនពិដោរនៅស្ថានីយ៍ដំណាំនៃសាកលវិទ្យាល័យភូមិន្ទកសិកម្ម) |
| 260 ## - PUBLICATION, DISTRIBUTION, ETC. (IMPRINT) | |
| Place of publication, distribution, etc. | phnom penh |
| Name of publisher, distributor, etc. | RUA |
| Date of publication, distribution, etc. | 2007 |
| 300 ## - PHYSICAL DESCRIPTION | |
| Extent | xvii,82p. |
| Dimensions | ill. |
| Size of unit | 29cm. |
| 942 ## - ADDED ENTRY ELEMENTS (KOHA) | |
| Source of classification or shelving scheme | |
| Koha item type | AGR |
| Price effective from | Date last seen | Permanent Location | Not for loan | Date acquired | Source of classification or shelving scheme | Koha item type | Lost status | Withdrawn status | Date last checked out | Total Checkouts | Shelving location | Damaged status | Barcode | Current Location | Full call number |
|---|---|---|---|---|---|---|---|---|---|---|---|---|---|---|---|
| 2017-10-06 | 2017-10-06 | Library Block A | 2017-10-06 | AGR | A27801 | Library Block A | AGR SOY 2007 B035 Or.2 | ||||||||
| 2015-09-22 | 2016-08-12 | Library Block B | 2015-09-22 | AGR | 2016-07-23 | 2 | B035 | RUA002656 | Library Block B | AGR SOY 2007 B035 Or.1 | |||||
| 2017-10-06 | 2017-10-06 | Library Block B | 2017-10-06 | AGR | B035 | Library Block B | AGR SOY 2007 B035 Or.1 | ||||||||
| 2018-12-21 | 2018-12-21 | Library Block B | 2018-12-21 | AGR | B1.194 | A41319 | Library Block B | AGR SOY 2007 B1.194 Or.1 | |||||||
| 2018-12-24 | 2018-12-24 | Library Block B | 2018-12-24 | AGR | B1.194 | A41401 | Library Block B | AGR SOY 2007 B1.194 Or.1 | |||||||
| 2019-01-21 | 2019-01-21 | Library Block B | 2019-01-21 | AGR | B1.210 | A40434 | Library Block B | AGR SOY 2007 B1.210 Or.3 | |||||||
| 2021-02-08 | 2021-02-08 | Library Block C | 2021-02-08 | AGR | B1.194 | A065001 | Library Block C | AGR SOY 2007 B1.194 Or.1 |